000 00565nam a22001817a 4500
003 UA-OsUOA
001 15706
007 ta
008 20031203b un ||||| |||| 00| 0 ukr d
100 _aБабінець А.
942 _cSA
040 _aUA-OsUOA
_cUA-OsUOA
_dUA-OsUOA
245 _a"Квант" - якості гарант : [Про ТзОВ "Квант" в Рівному]
300 _aС.4-5
955 _a0
773 0 _w0
_tВільне слово
_dРівне
_d2003
_g№91/ 19 лист./
650 7 _aКраєзнавча робота
_2UDC
999 _c301871
_d301871